000 00355nam a2200145Ia 4500
008 230917s9999||||xx |||||||||||||| ||und||
040 _e81339
_aMAIN
041 _aEnglish
082 _a342.7 K527C
100 _aKhanna, H R
245 0 _aConstitution and civil liberties
260 _aNew Delhi
_bRadha Krishan
_c1978
300 _a94 p.
942 _cBK
999 _c212703
_d212703